[Event "Khazar Cup 2016 (A) Master Tournament"]
[Site "Zibakenar,Iran"]
[Date "2016.02.14"]
[Round "5"]
[Board "11"]
[White "Pourghanbarzad Lashtnesha, Arm"]
[Black "Khodashenas, Mersad"]
[Result "0-1"]
[WhiteElo "2264"]
[BlackElo "2393"]
[PlyCount "0"]
[EventDate "2016.02.11"]
[EventRounds "9"]
[EventCountry "IRI"]

1. e4 {[%clk 1:30:52]} e5 {[%clk 1:30:54]} 2. Nf3 {[%clk 1:31:10]} d6
{[%clk 1:31:23]} 3. d4 {[%clk 1:31:25]} exd4 {[%clk 1:31:51]} 4. Nxd4
{[%clk 1:31:46]} Nf6 {[%clk 1:32:18]} 5. Nc3 {[%clk 1:32:04]} Be7
{[%clk 1:32:46]} 6. Be2 {[%clk 1:32:22]} O-O {[%clk 1:33:10]} 7. O-O
{[%clk 1:32:41]} Re8 {[%clk 1:33:37]} 8. Re1 {[%clk 1:32:58]} Bf8
{[%clk 1:33:49]} 9. Bf1 {[%clk 1:33:04]} Nbd7 {[%clk 1:34:17]} 10. Bf4
{[%clk 1:32:49]} c6 {[%clk 1:34:00]} 11. h3 {[%clk 1:32:23]} Ne5 {[%clk 1:34:28]}
12. a4 {[%clk 1:31:59]} Qc7 {[%clk 1:32:47]} 13. Bh2 {[%clk 1:24:29]} Bd7
{[%clk 1:32:00]} 14. Qd2 {[%clk 1:24:00]} Rad8 {[%clk 1:31:46]} 15. f4
{[%clk 1:21:51]} Ng6 {[%clk 1:28:57]} 16. Kh1 {[%clk 1:20:24]} Bc8
{[%clk 1:26:46]} 17. Rad1 {[%clk 1:18:30]} a6 {[%clk 1:25:58]} 18. Qf2
{[%clk 0:58:56]} Nd7 {[%clk 1:23:07]} 19. Nf3 {[%clk 0:56:46]} b5
{[%clk 1:18:49]} 20. axb5 {[%clk 0:54:41]} axb5 {[%clk 1:19:07]} 21. e5
{[%clk 0:50:38]} dxe5 {[%clk 1:02:32]} 22. fxe5 {[%clk 0:50:38]} Nc5
{[%clk 1:02:32]} 23. e6 {[%clk 0:50:38]} Qb7 {[%clk 1:02:32]} 24. exf7+
{[%clk 0:50:38]} Qxf7 {[%clk 1:02:32]} 25. Rxe8 {[%clk 0:50:38]} Qxe8
{[%clk 1:02:32]} 26. Rxd8 {[%clk 0:50:38]} Qxd8 {[%clk 1:02:32]} 27. Qd4
{[%clk 0:38:28]} Qe7 {[%clk 1:02:36]} 28. Nd1 {[%clk 0:31:59]} Ne6
{[%clk 0:51:46]} 29. Qe4 {[%clk 0:31:59]} Bd7 {[%clk 0:51:46]} 30. Bd3
{[%clk 0:31:59]} Qf6 {[%clk 0:51:46]} 31. Ne5 {[%clk 0:31:59]} Nxe5
{[%clk 0:51:46]} 32. Bxe5 {[%clk 0:31:59]} Qh6 {[%clk 0:51:46]} 33. Qe3
{[%clk 0:31:59]} Qh5 {[%clk 0:51:46]} 34. Qe1 {[%clk 0:31:59]} Qf7
{[%clk 0:51:46]} 35. Qf2 {[%clk 0:31:59]} Qe7 {[%clk 0:51:46]} 36. Bg3
{[%clk 0:31:59]} Nc5 {[%clk 0:51:46]} 37. Bf5 {[%clk 0:31:59]} Ne4
{[%clk 0:51:46]} 38. Bxe4 {[%clk 0:31:59]} Qxe4 {[%clk 0:51:46]} 39. Nc3
{[%clk 0:31:59]} Qb4 {[%clk 0:51:46]} 40. Nd1 {[%clk 0:31:59]} h6
{[%clk 0:51:46]} 41. c3 {[%clk 0:31:59]} Qe4 {[%clk 0:51:46]} 42. Qd4
{[%clk 0:31:59]} Qe6 {[%clk 0:51:46]} 43. Ne3 {[%clk 0:31:59]} Be8
{[%clk 0:51:46]} 44. Qe5 {[%clk 0:31:59]} Qg6 {[%clk 0:51:46]} 45. Kh2
{[%clk 0:31:59]} Bd7 {[%clk 0:51:46]} 46. c4 {[%clk 0:31:59]} bxc4
{[%clk 0:51:46]} 47. Nxc4 {[%clk 0:31:59]} Be6 {[%clk 0:51:46]} 48. Nd6
{[%clk 0:31:59]} Bd5 {[%clk 0:51:46]} 49. Nf5 {[%clk 0:31:59]} Kh7
{[%clk 0:51:46]} 50. Nh4 {[%clk 0:31:59]} Qe4 {[%clk 0:51:46]} 51. Qxe4+
{[%clk 0:31:59]} Bxe4 {[%clk 0:51:46]} 52. Be5 {[%clk 0:31:59]} g5
{[%clk 0:51:46]} 53. Nf3 {[%clk 0:31:59]} Kg6 {[%clk 0:51:46]} 54. Kg3
{[%clk 0:31:59]} Kf5 {[%clk 0:51:46]} 55. Bc3 {[%clk 0:31:59]} Bd5
{[%clk 0:51:46]} 56. Nd2 {[%clk 0:31:59]} Bc5 {[%clk 0:51:46]} 57. b4
{[%clk 0:31:59]} Be3 {[%clk 0:51:46]} 58. Nf1 {[%clk 0:31:59]} Bb6
{[%clk 0:51:46]} 59. Nd2 {[%clk 0:31:59]} h5 {[%clk 0:51:46]} 60. Nf3
{[%clk 0:31:59]} Be3 {[%clk 0:51:46]} 61. Bd4 {[%clk 0:31:59]} h4+
{[%clk 0:51:46]} 62. Kh2 {[%clk 0:31:59]} Bxd4 {[%clk 0:51:46]} 63. Nxd4+
{[%clk 0:31:59]} Ke4 {[%clk 0:51:46]} 64. Nf3 {[%clk 0:31:59]} Kf4
{[%clk 0:51:46]} 65. Ne1 {[%clk 0:31:59]} Ke3 {[%clk 0:51:46]} 66. Nc2+
{[%clk 0:31:59]} Kd3 {[%clk 0:51:46]} 67. Na3 {[%clk 0:31:59]} Bc4
{[%clk 0:51:46]} 68. g3 {[%clk 0:31:59]} Kc3 {[%clk 0:51:46]} 69. gxh4
{[%clk 0:31:59]} gxh4 {[%clk 0:51:46]} 70. Kg2 {[%clk 0:31:59]} Bd3
{[%clk 0:51:46]} 71. b5 {[%clk 0:31:59]} Bxb5 {[%clk 0:51:46]} 72. Nb1+
{[%clk 0:31:59]} Kc2 {[%clk 0:51:46]} 73. Na3+ {[%clk 0:31:59]} Kb2
{[%clk 0:51:46]} 74. Nb1 {[%clk 0:03:04]} Kc2 {[%clk 0:01:15]} 75. Na3+
{[%clk 0:03:29]} Kb2 {[%clk 0:01:32]} 76. Nb1 {[%clk 0:02:42]} 0-1

[Event "Khazar Cup 2016 (A) Master Tournament"]
[Site "Zibakenar,Iran"]
[Date "2016.02.14"]
[Round "5"]
[Board "12"]
[White "Morchiashvili, Bachana"]
[Black "Fendereski, Nima"]
[Result "1-0"]
[WhiteElo "2342"]
[BlackElo "2255"]
[PlyCount "0"]
[EventDate "2016.02.11"]
[EventRounds "9"]
[EventCountry "IRI"]

1. d4 Nf6 2. c4 e6 3. Nf3 b6 4. e3 Bb7 5. Nc3 Bb4 6. Bd3 c5 7. O-O cxd4 8. exd4
O-O 9. Bg5 Be7 10. Qe2 d5 11. Rad1 Nbd7 12. Rfe1 Rc8 13. cxd5 Nxd5 14. Qe4 f5 15.
Qxe6+ Rf7 16. Bxe7 Qxe7 17. Qxd5 Bxd5 18. Rxe7 Rxe7 19. Nxd5 Ree8 20. Bxf5 Rcd8
21. Nc7 Re7 22. Be6+ Kf8 23. Bb3 Rc8 24. Ne6+ Ke8 25. d5 Nc5 26. d6 Rd7 27. Nxc5
Rxc5 28. Ba4 b5 29. b4 1-0

[Event "Khazar Cup 2016 (A) Master Tournament"]
[Site "Zibakenar,Iran"]
[Date "2016.02.15"]
[Round "6"]
[Board "1"]
[White "Pourramezanali, Amirreza"]
[Black "Mosadeghpour, Masoud"]
[Result "1/2-1/2"]
[WhiteElo "2503"]
[BlackElo "2462"]
[PlyCount "0"]
[EventDate "2016.02.11"]
[EventRounds "9"]
[EventCountry "IRI"]

1. e4 {[%clk 1:30:58]} e5 {[%clk 1:29:35]} 2. Nf3 {[%clk 1:31:19]} d6
{[%clk 1:28:14]} 3. d4 {[%clk 1:31:43]} exd4 {[%clk 1:28:40]} 4. Nxd4
{[%clk 1:32:09]} Nf6 {[%clk 1:29:06]} 5. Nc3 {[%clk 1:32:34]} Be7
{[%clk 1:29:18]} 6. Bf4 {[%clk 1:32:59]} O-O {[%clk 1:26:39]} 7. Qd2
{[%clk 1:33:00]} a6 {[%clk 1:24:07]} 8. O-O-O {[%clk 1:31:35]} b5
{[%clk 1:18:17]} 9. f3 {[%clk 1:29:45]} c5 {[%clk 1:11:40]} 10. Nf5
{[%clk 1:29:48]} Bxf5 {[%clk 1:10:07]} 11. exf5 {[%clk 1:30:09]} Nc6
{[%clk 1:05:37]} 12. Bxd6 {[%clk 1:24:37]} Qa5 {[%clk 1:01:47]} 13. Bxe7
{[%clk 1:19:15]} Nxe7 {[%clk 1:02:09]} 14. Be2 {[%clk 0:58:23]} b4
{[%clk 0:47:06]} 15. Nb1 {[%clk 0:58:36]} Rad8 {[%clk 0:45:44]} 16. Qf4
{[%clk 0:40:33]} Ned5 {[%clk 0:42:39]} 17. Qh4 {[%clk 0:33:19]} Ne3
{[%clk 0:28:16]} 18. Rxd8 {[%clk 0:33:17]} Rxd8 {[%clk 0:28:44]} 19. Qf4
{[%clk 0:18:24]} Nfd5 {[%clk 0:25:56]} 20. Qh4 {[%clk 0:17:41]} Nxg2
{[%clk 0:15:19]} 21. Qg3 {[%clk 0:13:13]} Nge3 {[%clk 0:08:47]} 22. Rg1
{[%clk 0:13:15]} Nxf5 {[%clk 0:04:00]} 23. Qe5 {[%clk 0:13:08]} Nde7
{[%clk 0:03:38]} 24. Bd3 {[%clk 0:12:22]} Rd5 {[%clk 0:03:50]} 25. Qb8+
{[%clk 0:11:29]} Qd8 {[%clk 0:04:18]} 26. Qxd8+ {[%clk 0:11:51]} Rxd8
{[%clk 0:04:47]} 27. Bxa6 {[%clk 0:12:13]} Ra8 {[%clk 0:02:08]} 28. Bc4
{[%clk 0:11:56]} Nd6 {[%clk 0:02:27]} 29. Be2 {[%clk 0:12:17]} Nef5
{[%clk 0:00:36]} 30. a3 {[%clk 0:10:54]} Nd4 {[%clk 0:00:49]} 31. Bd1
{[%clk 0:11:23]} N6f5 {[%clk 0:00:32]} 32. Re1 {[%clk 0:11:28]} f6
{[%clk 0:00:33]} 33. c3 {[%clk 0:07:36]} bxc3 {[%clk 0:00:45]} 34. bxc3
{[%clk 0:08:05]} Nc6 {[%clk 0:00:32]} 35. Bb3+ {[%clk 0:04:44]} Kf8
{[%clk 0:01:00]} 36. Bc2 {[%clk 0:05:14]} Nh4 {[%clk 0:00:33]} 37. f4
{[%clk 0:05:43]} f5 {[%clk 0:00:44]} 38. Re6 {[%clk 0:03:38]} Ne7
{[%clk 0:01:14]} 39. Re5 {[%clk 0:04:01]} Ra5 {[%clk 0:01:43]} 40. a4
{[%clk 0:04:18]} Neg6 {[%clk 0:02:03]} 41. Re1 {[%clk 0:04:10]} Nxf4
{[%clk 0:02:18]} 42. Nd2 {[%clk 0:04:28]} Ra6 {[%clk 0:00:34]} 43. Kb2
{[%clk 0:02:36]} g5 {[%clk 0:00:34]} 44. Ka3 {[%clk 0:02:23]} Nd5
{[%clk 0:00:31]} 45. Re5 {[%clk 0:02:08]} Nxc3 {[%clk 0:00:37]} 46. Rxc5
{[%clk 0:02:37]} Nxa4 {[%clk 0:00:49]} 47. Bxa4 Kg7 {[%clk 0:00:49]} 48. Kb3
{[%clk 0:03:26]} Re6 {[%clk 0:00:32]} 49. Rc7+ {[%clk 0:03:13]} Kg6
{[%clk 0:00:43]} 50. Rc6 {[%clk 0:02:51]} Rxc6 {[%clk 0:01:07]} 51. Bxc6
{[%clk 0:03:13]} 1/2-1/2

[Event "Khazar Cup 2016 (A) Master Tournament"]
[Site "Zibakenar,Iran"]
[Date "2016.02.15"]
[Round "6"]
[Board "2"]
[White "Maghsoodloo, Parham"]
[Black "Tiviakov, Sergei"]
[Result "1-0"]
[WhiteElo "2461"]
[BlackElo "2613"]
[PlyCount "0"]
[EventDate "2016.02.11"]
[EventRounds "9"]
[EventCountry "IRI"]

1. Nf3 {[%clk 1:21:01]} Nf6 {[%clk 1:30:33]} 2. b3 {[%clk 1:19:48]} e6
{[%clk 1:30:27]} 3. Bb2 b6 {[%clk 1:30:45]} 4. g3 {[%clk 1:19:46]} Bb7
{[%clk 1:31:07]} 5. Bg2 {[%clk 1:20:09]} Be7 {[%clk 1:31:31]} 6. O-O
{[%clk 1:20:24]} O-O {[%clk 1:31:53]} 7. d4 {[%clk 1:17:43]} d5 {[%clk 1:22:54]}
8. Nbd2 {[%clk 1:17:47]} c5 {[%clk 1:22:34]} 9. c4 {[%clk 1:16:38]} Na6
{[%clk 1:12:09]} 10. Rc1 {[%clk 1:16:16]} Rc8 {[%clk 1:09:56]} 11. e3
{[%clk 1:13:38]} dxc4 {[%clk 1:08:39]} 12. bxc4 {[%clk 1:12:27]} Qc7
{[%clk 1:06:32]} 13. Qe2 {[%clk 1:11:06]} Rfd8 {[%clk 1:06:49]} 14. Rfd1
{[%clk 1:09:10]} Qb8 {[%clk 1:06:45]} 15. Bh3 {[%clk 1:08:36]} Nc7
{[%clk 0:55:09]} 16. Ne5 {[%clk 1:05:00]} Bf8 {[%clk 0:49:27]} 17. d5
{[%clk 1:02:38]} exd5 {[%clk 0:47:24]} 18. Bxc8 {[%clk 0:59:52]} Qxc8
{[%clk 0:47:17]} 19. cxd5 {[%clk 1:00:19]} Bxd5 {[%clk 0:43:54]} 20. Nd3
{[%clk 0:58:49]} Nfe8 {[%clk 0:30:53]} 21. Nf4 {[%clk 0:56:33]} Ba8
{[%clk 0:29:33]} 22. e4 {[%clk 0:49:40]} Qa6 {[%clk 0:24:04]} 23. Qxa6
{[%clk 0:45:35]} Nxa6 {[%clk 0:24:32]} 24. f3 {[%clk 0:42:32]} Bc6
{[%clk 0:24:20]} 25. Nc4 {[%clk 0:42:41]} Ra8 {[%clk 0:24:23]} 26. Nd5
{[%clk 0:40:33]} Nac7 {[%clk 0:23:50]} 27. Nxc7 {[%clk 0:35:04]} Nxc7
{[%clk 0:24:11]} 28. Be5 {[%clk 0:35:19]} Ne8 {[%clk 0:15:55]} 29. g4
{[%clk 0:33:18]} Be7 {[%clk 0:15:47]} 30. Kf2 {[%clk 0:33:24]} Kf8
{[%clk 0:11:46]} 31. Ke3 {[%clk 0:30:02]} g5 {[%clk 0:08:50]} 32. Kf2
{[%clk 0:26:44]} Ng7 {[%clk 0:07:59]} 33. Bd6 {[%clk 0:26:54]} Ne6
{[%clk 0:07:31]} 34. Ne3 {[%clk 0:26:26]} Nd4 {[%clk 0:04:31]} 35. Be5
{[%clk 0:26:33]} Ne6 {[%clk 0:03:53]} 36. Bd6 {[%clk 0:25:15]} Nd4
{[%clk 0:04:11]} 37. Bxe7+ {[%clk 0:25:40]} Kxe7 {[%clk 0:04:39]} 38. h4
{[%clk 0:26:02]} gxh4 {[%clk 0:04:18]} 39. Rh1 {[%clk 0:25:57]} Rd8
{[%clk 0:04:22]} 40. Rxh4 {[%clk 0:26:14]} Ne6 {[%clk 0:04:45]} 41. Rd1
{[%clk 0:24:24]} Rxd1 {[%clk 0:05:08]} 42. Nxd1 {[%clk 0:24:53]} Ng5
{[%clk 0:05:29]} 43. Ke3 {[%clk 0:25:11]} b5 {[%clk 0:05:40]} 44. Nf2
{[%clk 0:25:02]} c4 {[%clk 0:05:30]} 45. f4 {[%clk 0:24:48]} Ne6 {[%clk 0:05:57]}
46. Rxh7 {[%clk 0:25:14]} b4 {[%clk 0:06:01]} 47. Rh5 {[%clk 0:25:32]} b3
{[%clk 0:04:51]} 48. axb3 {[%clk 0:25:36]} cxb3 {[%clk 0:05:16]} 49. Nd3
{[%clk 0:25:56]} Nc7 {[%clk 0:05:40]} 50. Ra5 {[%clk 0:26:06]} Nb5
{[%clk 0:06:02]} 51. e5 {[%clk 0:25:03]} Ke6 {[%clk 0:06:24]} 52. f5+
{[%clk 0:25:08]} Kd5 {[%clk 0:06:50]} 53. e6 {[%clk 0:24:40]} fxe6
{[%clk 0:07:14]} 54. f6 {[%clk 0:25:09]} Kd6 {[%clk 0:07:31]} 55. g5
{[%clk 0:25:16]} Nc7 {[%clk 0:07:56]} 56. Rxa7 {[%clk 0:25:10]} Be8
{[%clk 0:07:47]} 57. Kd2 {[%clk 0:25:29]} Bg6 {[%clk 0:07:54]} 58. Rb7
{[%clk 0:25:58]} e5 {[%clk 0:08:02]} 59. Rxb3 {[%clk 0:26:06]} Ne6
{[%clk 0:08:17]} 60. Rb6+ {[%clk 0:26:28]} Kd5 {[%clk 0:08:43]} 61. Nb4+
{[%clk 0:26:57]} 1-0

[Event "Khazar Cup 2016 (A) Master Tournament"]
[Site "Zibakenar,Iran"]
[Date "2016.02.15"]
[Round "6"]
[Board "3"]
[White "Volkov, Sergey"]
[Black "Stopa, Jacek"]
[Result "1-0"]
[WhiteElo "2607"]
[BlackElo "2460"]
[PlyCount "0"]
[EventDate "2016.02.11"]
[EventRounds "9"]
[EventCountry "IRI"]

1. d4 {[%clk 1:30:56]} Nf6 {[%clk 1:30:52]} 2. c4 {[%clk 1:31:21]} c5
{[%clk 1:31:17]} 3. d5 {[%clk 1:31:45]} b5 {[%clk 1:31:44]} 4. Nf3
{[%clk 1:32:02]} e6 {[%clk 1:32:08]} 5. dxe6 {[%clk 1:30:44]} fxe6
{[%clk 1:32:32]} 6. cxb5 {[%clk 1:31:10]} a6 {[%clk 1:32:58]} 7. e3
{[%clk 1:30:54]} Be7 {[%clk 1:29:55]} 8. Nc3 {[%clk 1:30:18]} O-O
{[%clk 1:29:55]} 9. a4 {[%clk 1:30:14]} d5 {[%clk 1:26:27]} 10. b3
{[%clk 1:29:39]} Bb7 {[%clk 1:21:25]} 11. Be2 {[%clk 1:28:36]} axb5
{[%clk 1:18:46]} 12. Nxb5 {[%clk 1:28:31]} Ne4 {[%clk 1:11:25]} 13. O-O
{[%clk 1:28:48]} Bf6 {[%clk 1:10:15]} 14. Rb1 {[%clk 1:28:42]} Na6
{[%clk 1:02:34]} 15. Nd2 {[%clk 1:22:10]} Ng5 {[%clk 0:57:14]} 16. f4
{[%clk 1:17:56]} Nf7 {[%clk 0:56:19]} 17. Nf3 {[%clk 1:16:38]} Qe7
{[%clk 0:52:24]} 18. Bd2 {[%clk 1:15:27]} e5 {[%clk 0:46:21]} 19. fxe5
{[%clk 1:15:14]} Nxe5 {[%clk 0:46:09]} 20. h3 {[%clk 1:12:53]} Rae8
{[%clk 0:39:59]} 21. Rc1 {[%clk 1:13:04]} Nc6 {[%clk 0:34:12]} 22. Qe1
{[%clk 1:10:45]} Kh8 {[%clk 0:31:47]} 23. Qg3 {[%clk 1:11:07]} Rd8
{[%clk 0:29:27]} 24. Bd3 {[%clk 1:09:43]} c4 {[%clk 0:27:39]} 25. bxc4
{[%clk 1:08:17]} Nc5 {[%clk 0:21:41]} 26. cxd5 {[%clk 1:08:17]} Rxd5
{[%clk 0:19:27]} 27. Bc2 {[%clk 1:04:37]} Nd3 {[%clk 0:15:20]} 28. Bxd3
{[%clk 0:55:15]} Rxd3 {[%clk 0:15:47]} 29. Qc7 {[%clk 0:50:39]} Rd7
{[%clk 0:15:20]} 30. Rxc6 {[%clk 0:50:37]} Bxc6 {[%clk 0:09:41]} 31. Qxc6
{[%clk 0:50:56]} Rxd2 {[%clk 0:10:04]} 32. Nxd2 {[%clk 0:50:39]} Qxe3+
{[%clk 0:10:29]} 33. Kh1 {[%clk 0:49:20]} Qxd2 {[%clk 0:10:52]} 34. Nc7
{[%clk 0:36:54]} Rc8 {[%clk 0:08:43]} 35. Qe4 {[%clk 0:36:28]} h6
{[%clk 0:06:09]} 36. Nd5 {[%clk 0:36:06]} Bg5 {[%clk 0:05:35]} 37. h4
{[%clk 0:32:35]} Bxh4 {[%clk 0:03:12]} 38. Nf4 {[%clk 0:23:37]} Rc1
{[%clk 0:03:07]} 39. Rxc1 {[%clk 0:18:29]} Qxc1+ {[%clk 0:03:34]} 40. Kh2
{[%clk 0:18:55]} Qc7 {[%clk 0:01:20]} 41. Kh3 {[%clk 0:19:23]} Qc8+
{[%clk 0:00:34]} 42. Kxh4 {[%clk 0:16:41]} g5+ {[%clk 0:01:03]} 43. Kh5
{[%clk 0:17:04]} gxf4 {[%clk 0:01:29]} 44. Qe5+ {[%clk 0:12:43]} Kg8
{[%clk 0:01:42]} 45. Qf6 {[%clk 0:11:39]} Qc1 {[%clk 0:01:06]} 46. Kg6
{[%clk 0:10:58]} Qb1+ {[%clk 0:00:31]} 47. Qf5 {[%clk 0:10:13]} Qb6+
{[%clk 0:00:54]} 48. Kh5 {[%clk 0:10:34]} Qf2 {[%clk 0:00:49]} 49. Qd5+
{[%clk 0:08:59]} Kg7 {[%clk 0:00:42]} 50. Qd7+ {[%clk 0:07:00]} Kf6
{[%clk 0:00:43]} 51. Qc6+ {[%clk 0:07:19]} Kf5 {[%clk 0:00:36]} 52. Qg6+
{[%clk 0:05:13]} Ke5 {[%clk 0:01:05]} 53. Kxh6 {[%clk 0:05:31]} Qd2
{[%clk 0:00:43]} 54. Qg5+ {[%clk 0:05:15]} Ke4 {[%clk 0:00:38]} 55. a5
{[%clk 0:05:30]} Ke3 {[%clk 0:00:32]} 56. a6 {[%clk 0:03:57]} Qd6+
{[%clk 0:00:38]} 57. Qg6 {[%clk 0:04:26]} Qf8+ {[%clk 0:00:48]} 58. Kh5
{[%clk 0:04:23]} Qh8+ {[%clk 0:00:52]} 59. Kg5 {[%clk 0:04:04]} Qd8+
{[%clk 0:00:59]} 60. Qf6 {[%clk 0:04:29]} Qd5+ {[%clk 0:00:41]} 61. Kh6
{[%clk 0:03:32]} Qxg2 {[%clk 0:00:54]} 62. Qc3+ {[%clk 0:02:20]} Kf2
{[%clk 0:01:19]} 63. Qd2+ {[%clk 0:02:44]} Kg3 {[%clk 0:01:47]} 64. Qxg2+
{[%clk 0:03:10]} Kxg2 {[%clk 0:02:14]} 65. a7 {[%clk 0:03:35]} f3
{[%clk 0:02:42]} 66. a8=Q {[%clk 0:04:02]} 1-0

[Event "Khazar Cup 2016 (A) Master Tournament"]
[Site "Zibakenar,Iran"]
[Date "2016.02.15"]
[Round "6"]
[Board "4"]
[White "Gabuzyan, Hovhannes"]
[Black "Grigoryan, Karen H."]
[Result "1/2-1/2"]
[WhiteElo "2593"]
[BlackElo "2606"]
[PlyCount "0"]
[EventDate "2016.02.11"]
[EventRounds "9"]
[EventCountry "IRI"]

1. e4 {[%clk 1:30:59]} c5 {[%clk 1:30:56]} 2. Nf3 {[%clk 1:31:27]} d6
{[%clk 1:31:21]} 3. d4 {[%clk 1:31:54]} cxd4 {[%clk 1:31:48]} 4. Nxd4
{[%clk 1:32:21]} Nf6 {[%clk 1:32:14]} 5. Nc3 {[%clk 1:32:47]} a6 {[%clk 1:32:39]}
6. Bg5 {[%clk 1:33:14]} e6 {[%clk 1:33:04]} 7. f4 {[%clk 1:33:41]} Qb6
{[%clk 1:33:30]} 8. Qd2 {[%clk 1:34:07]} Qxb2 {[%clk 1:33:56]} 9. Rb1
{[%clk 1:34:28]} Qa3 {[%clk 1:34:22]} 10. e5 {[%clk 1:34:54]} h6 {[%clk 1:34:47]}
11. Bh4 {[%clk 1:35:20]} dxe5 {[%clk 1:35:13]} 12. fxe5 {[%clk 1:35:46]} g5
{[%clk 1:35:40]} 13. exf6 {[%clk 1:36:09]} gxh4 {[%clk 1:36:06]} 14. Be2
{[%clk 1:36:32]} Nd7 {[%clk 1:36:32]} 15. O-O {[%clk 1:36:52]} Qa5
{[%clk 1:36:59]} 16. Kh1 {[%clk 1:37:15]} Qg5 {[%clk 1:37:24]} 17. Rf4
{[%clk 1:37:39]} e5 {[%clk 1:37:49]} 18. Nd5 {[%clk 1:38:05]} exd4
{[%clk 1:38:14]} 19. Qxd4 {[%clk 1:38:30]} Kd8 {[%clk 1:38:40]} 20. Ne7
{[%clk 1:38:54]} Qe5 {[%clk 1:39:05]} 21. Qd2 {[%clk 1:39:19]} Bxe7
{[%clk 1:39:30]} 22. fxe7+ {[%clk 1:39:44]} Qxe7 {[%clk 1:39:57]} 23. Bg4
{[%clk 1:40:08]} f5 {[%clk 1:40:22]} 24. Rxf5 {[%clk 1:40:34]} Re8
{[%clk 1:40:48]} 25. Rd1 {[%clk 1:40:58]} Kc7 {[%clk 1:41:14]} 26. Rf7
{[%clk 1:41:22]} Qxf7 {[%clk 1:41:40]} 27. Qd6+ {[%clk 1:41:48]} Kd8
{[%clk 1:42:05]} 28. Qb6+ {[%clk 1:42:15]} Ke7 {[%clk 1:42:31]} 29. Qd6+
{[%clk 1:42:41]} Kd8 {[%clk 1:42:57]} 30. Qb6+ {[%clk 1:43:07]} Ke7
{[%clk 1:43:24]} 31. Re1+ {[%clk 1:43:33]} Kf8 {[%clk 1:43:50]} 32. Qxh6+
{[%clk 1:43:59]} Kg8 {[%clk 1:44:17]} 33. Qg5+ {[%clk 1:44:24]} Kf8
{[%clk 1:44:43]} 34. Qh6+ {[%clk 1:44:49]} Kg8 {[%clk 1:45:10]} 35. Rxe8+
{[%clk 1:45:09]} Qxe8 {[%clk 1:45:36]} 36. Be6+ {[%clk 1:45:35]} Qxe6
{[%clk 1:46:00]} 37. Qxe6+ {[%clk 1:46:01]} Kg7 {[%clk 1:46:24]} 38. Qg4+
{[%clk 1:46:27]} Kf7 {[%clk 1:46:50]} 39. Qxh4 {[%clk 1:46:53]} Nf6
{[%clk 1:47:16]} 40. Qc4+ {[%clk 1:47:18]} Be6 {[%clk 1:47:43]} 41. Qc7+
{[%clk 1:47:44]} Kg6 {[%clk 1:48:10]} 42. Qg3+ {[%clk 1:48:09]} Kf7
{[%clk 1:48:37]} 43. Qc7+ 1/2-1/2

[Event "Khazar Cup 2016 (A) Master Tournament"]
[Site "Zibakenar,Iran"]
[Date "2016.02.15"]
[Round "6"]
[Board "5"]
[White "Khodashenas, Mersad"]
[Black "Ghaem Maghami, Ehsan"]
[Result "1/2-1/2"]
[WhiteElo "2393"]
[BlackElo "2570"]
[PlyCount "0"]
[EventDate "2016.02.11"]
[EventRounds "9"]
[EventCountry "IRI"]

1. d4 Nf6 2. c4 e6 3. Nc3 Bb4 4. Qc2 O-O 5. e4 d6 6. e5 dxe5 7. dxe5 Ng4 8. Nf3
Nc6 9. Bf4 Nd4 10. Qd3 f6 11. Rd1 fxe5 12. Bg3 Qf6 13. Be2 Nxe2 14. Qxe2 e4 15.
Qxe4 Bxc3+ 16. bxc3 Qxc3+ 17. Rd2 Qa1+ 18. Rd1 Qc3+ 19. Rd2 Nf6 20. Qe2 e5 21.
Bxe5 Qa5 22. O-O Bg4 23. Bxf6 Rxf6 24. Qe5 Qxe5 25. Nxe5 Be6 26. f4 Raf8 27. g3
Bh3 28. Rf3 h5 29. Nd7 Bxd7 30. Rxd7 R8f7 31. Rd8+ Kh7 32. Ra3 a6 33. Re3 Rc6 34.
Re4 Rc5 35. Kg2 Ra5 36. Rd2 1/2-1/2

[Event "Khazar Cup 2016 (A) Master Tournament"]
[Site "Zibakenar,Iran"]
[Date "2016.02.15"]
[Round "6"]
[Board "6"]
[White "Idani, Pouya"]
[Black "Grabliauskas, Virginijus"]
[Result "1/2-1/2"]
[WhiteElo "2568"]
[BlackElo "2322"]
[PlyCount "0"]
[EventDate "2016.02.11"]
[EventRounds "9"]
[EventCountry "IRI"]

1. e4 {[%clk 1:30:58]} e5 {[%clk 1:30:53]} 2. Nf3 {[%clk 1:31:24]} Nc6
{[%clk 1:31:16]} 3. Bb5 {[%clk 1:31:39]} a6 {[%clk 1:31:41]} 4. Ba4
{[%clk 1:32:07]} Nf6 {[%clk 1:32:03]} 5. O-O {[%clk 1:32:34]} b5 {[%clk 1:32:19]}
6. Bb3 {[%clk 1:32:58]} Bc5 {[%clk 1:32:45]} 7. Nc3 {[%clk 1:30:50]} O-O
{[%clk 1:30:47]} 8. d3 {[%clk 1:28:23]} h6 {[%clk 1:29:46]} 9. a4
{[%clk 1:21:33]} Rb8 {[%clk 1:29:29]} 10. axb5 {[%clk 1:21:52]} axb5
{[%clk 1:29:52]} 11. Nd5 {[%clk 1:18:06]} d6 {[%clk 1:28:19]} 12. c3
{[%clk 1:14:53]} Nxd5 {[%clk 1:19:09]} 13. Bxd5 {[%clk 1:14:50]} Ne7
{[%clk 1:19:02]} 14. Bb3 {[%clk 1:15:11]} Ng6 {[%clk 1:15:13]} 15. d4
{[%clk 1:14:30]} Bb6 {[%clk 1:15:27]} 16. Qd3 {[%clk 1:10:27]} Bg4
{[%clk 1:07:16]} 17. Ne1 {[%clk 1:10:24]} b4 {[%clk 0:59:12]} 18. Nc2
{[%clk 1:08:34]} bxc3 {[%clk 0:59:14]} 19. bxc3 {[%clk 1:09:00]} Qh4
{[%clk 0:51:07]} 20. f3 {[%clk 0:56:58]} Bd7 {[%clk 0:48:24]} 21. Be3
{[%clk 0:54:46]} Kh7 {[%clk 0:35:15]} 22. Ba4 {[%clk 0:53:57]} Bxa4
{[%clk 0:28:40]} 23. Rxa4 {[%clk 0:54:21]} Ra8 {[%clk 0:28:36]} 24. Raa1
{[%clk 0:51:49]} Nf4 {[%clk 0:23:21]} 25. Bxf4 {[%clk 0:50:10]} Qxf4
{[%clk 0:23:33]} 26. Ne3 {[%clk 0:49:24]} exd4 {[%clk 0:22:20]} 27. cxd4
{[%clk 0:48:44]} Qf6 {[%clk 0:19:04]} 28. Nc2 {[%clk 0:47:23]} c5
{[%clk 0:14:40]} 29. Rxa8 {[%clk 0:44:44]} Rxa8 {[%clk 0:15:07]} 30. Rb1
{[%clk 0:45:06]} Qd8 {[%clk 0:13:35]} 31. Kh1 {[%clk 0:38:09]} cxd4
{[%clk 0:13:50]} 32. Nxd4 {[%clk 0:38:22]} Bxd4 {[%clk 0:09:59]} 33. Qxd4
{[%clk 0:38:47]} Qe7 {[%clk 0:05:53]} 34. Qd5 {[%clk 0:38:10]} Ra7
{[%clk 0:06:02]} 35. Qd3 {[%clk 0:36:35]} Qf6 {[%clk 0:04:36]} 36. Rd1
{[%clk 0:33:25]} g6 {[%clk 0:04:48]} 37. Qb1 {[%clk 0:32:34]} Qe5
{[%clk 0:04:14]} 38. h3 {[%clk 0:32:37]} Kg7 {[%clk 0:04:15]} 1/2-1/2